书目信息 |
| 题名: |
中国油页岩
|
|
| 作者: | 刘招君 著 | |
| 分册: | ||
| 出版信息: | 北京 石油工业出版社 2009 |
|
| 页数: | 343页 | |
| 开本: | 30cm | |
| 丛书名: | ||
| 单 册: | ||
| 中图分类: | P618.12 , P618.1 | |
| 科图分类: | ||
| 主题词: | 油页岩--研究--中国 , 油页岩 | |
| 电子资源: | ||
| ISBN: | 978-7-5021-7007-3 | |
| 000 | 00950nam0 2200277 450 | |
| 001 | 2335839628 | |
| 005 | 20231130095743.74 | |
| 010 | @a978-7-5021-7007-3@b精装@dCNY96.00 | |
| 100 | @a20100406d2009 em y0chiy50 ea | |
| 101 | 0 | @achi |
| 102 | @aCN@b110000 | |
| 105 | @aaf z 000yy | |
| 106 | @ad | |
| 200 | 1 | @a中国油页岩@Azhong guo you ye yan@dOil shale in China@f刘招君[等]著@zeng |
| 210 | @a北京@c石油工业出版社@d2009 | |
| 215 | @a343页@c图,图版@d30cm | |
| 304 | @a著者还有:杨虎林、董清水、朱建伟、郭巍、叶松青等 | |
| 330 | @a本书共分两篇,上篇在介绍油页岩概念和国内外研究历史与现状的基础上,讨论了中国油页岩特性、成矿规律等;下篇介绍了中国典型油页岩矿床、矿床成因和资源概况等。 | |
| 510 | 1 | @aOil shale in China@zeng |
| 606 | 0 | @a油页岩@x研究@y中国 |
| 606 | 0 | @a油页岩 |
| 690 | @aP618.12@v5 | |
| 690 | @aP618.1@v4 | |
| 701 | 0 | @a刘招君@Aliu zhao jun@f(1951~)@4著 |
| 801 | 0 | @aCN@b山东中教@c20231126 |
| 905 | @aBZT@dP618.1@e3 | |
| 中国油页岩=Oil shale in China/刘招君[等]著.-北京:石油工业出版社,2009 |
| 343页:图,图版;30cm |
| ISBN 978-7-5021-7007-3(精装):CNY96.00 |
| 本书共分两篇,上篇在介绍油页岩概念和国内外研究历史与现状的基础上,讨论了中国油页岩特性、成矿规律等;下篇介绍了中国典型油页岩矿床、矿床成因和资源概况等。 |
| ● |
| 相关链接 |
|
|
|
正题名:中国油页岩
索取号:P618.1/3
 
预约/预借
| 序号 | 登录号 | 条形码 | 馆藏地/架位号 | 状态 | 备注 |
| 1 | 2001230436 | 2001230436 | 中教(第二批第二书库)/山东中教(第二批)/2372/ [索取号:P618.1/3] | 在馆 | |
| 2 | 2001230437 | 2001230437 | 中教(第二批第二书库)/山东中教(第二批)/2372/ [索取号:P618.1/3] | 在馆 | |
| 3 | 2001230438 | 2001230438 | 中教(第二批第二书库)/山东中教(第二批)/2372/ [索取号:P618.1/3] | 在馆 | |
| 4 | 2001230439 | 2001230439 | 中教(第二批第二书库)/山东中教(第二批)/2372/ [索取号:P618.1/3] | 在馆 | |
| 5 | 2001230440 | 2001230440 | 中教(第二批第二书库)/山东中教(第二批)/2372/ [索取号:P618.1/3] | 在馆 | |
| 6 | 2001230441 | 2001230441 | 中教(第二批第二书库)/山东中教(第二批)/2372/ [索取号:P618.1/3] | 在馆 | |
| 7 | 2001230442 | 2001230442 | 中教(第二批第二书库)/山东中教(第二批)/2372/ [索取号:P618.1/3] | 在馆 | |
| 8 | 2001230443 | 2001230443 | 中教(第二批第二书库)/山东中教(第二批)/2372/ [索取号:P618.1/3] | 在馆 | |
| 9 | 2001230444 | 2001230444 | 中教(第二批第二书库)/山东中教(第二批)/2372/ [索取号:P618.1/3] | 在馆 | |
| 10 | 2001230445 | 2001230445 | 中教(第二批第二书库)/山东中教(第二批)/2372/ [索取号:P618.1/3] | 在馆 |